000 00850nam a2200241 a 4500
001 BRCA_5
005 20190320202835.0
008 930817s1992 mx-a---##b---#000-0#spa-u
020 _a9686084509
050 4 _aN6553
_b.A78
_c1992
100 1 _aBérchez, Joaquín
_921
245 1 0 _aArquitectura mexicana de los siglos XVII y XVIII
_cJoaquín Bérchez ; presentación de René Taylor.
260 _aMéxico
_bGrupo Azabache
_c1992
300 _a289, [1] p.
_bil. (algunas a color)
_c30 cm.
440 0 _aArte novohispano
_v3
_922
504 _aBibliografía: p. 287-[290]
650 1 4 _aArquitectura barroca
_zMéxico
_923
650 1 4 _aArquitectura religiosa
_zMéxico
_924
650 1 4 _aIglesias
_xDecoración y ornamentación
_zMéxico
_925
653 0 _aArquitectura civil y religiosa - Siglos XVII y XVIII
700 1 _aTaylor, René
_926
942 _2lcc
_cB
999 _c5
_d5